00315nam a2200109Ia 4500008004100000020001600041050001200057050001600069100003600085245004800121260003600169160114s9999 xx 000 0 und d a0-590510622 a932.021 b.S788c 1994 aStanley, Diane. Vennema, Peter. aCleopatra /cPeter Stanley, Diane. Vennema. aNew YorkbScholastic Inc.c1994